China and the WTO : (Record no. 15061)

000 -LEADER
fixed length control field 00674cam a22002054a 4500
020 ## - INTERNATIONAL STANDARD BOOK NUMBER
ISBN 0821356674
040 ## - CATALOGING SOURCE
Transcribing agency DLC
082 00 - DEWEY DECIMAL CLASSIFICATION NUMBER
Classification number 382 WOR 2004 A074 Or.
245 00 - TITLE STATEMENT
Title China and the WTO :
Remainder of title accession, policy reform, and poverty reduction strategies /
260 ## - PUBLICATION, DISTRIBUTION, ETC. (IMPRINT)
Place of publication Washington, DC:
Name of publisher World Bank ;
Place of publication [Oxford] :
Name of publisher Oxford University Press,
Year of publication c2004.
300 ## - PHYSICAL DESCRIPTION
Number of Pages xiv, 334 p. :
Other physical details ill. ;
Dimensions 28 cm.
650 #0 - SUBJECT ADDED ENTRY--TOPICAL TERM
Topical Term Foreign trade regulation
650 #0 - SUBJECT ADDED ENTRY--TOPICAL TERM
Topical Term Agriculture and state
650 #0 - SUBJECT ADDED ENTRY--TOPICAL TERM
Topical Term Poverty
700 1# - ADDED ENTRY--PERSONAL NAME
Personal name Bhattasali, Deepak.
700 1# - ADDED ENTRY--PERSONAL NAME
Personal name Li, Shantong.
700 1# - ADDED ENTRY--PERSONAL NAME
Personal name Martin, Will,
856 42 - ELECTRONIC LOCATION AND ACCESS
Uniform Resource Identifier http://www.loc.gov/catdir/enhancements/fy0617/2004044097-d.html
942 ## - ADDED ENTRY ELEMENTS (KOHA)
Koha item type សៀវភៅភាសាអង់គ្លេស
952 ## - LOCATION AND ITEM INFORMATION (KOHA)
Withdrawn status [LOCAL, KOHA] 0
Holdings
Permanent Location Date acquired Koha item type Lost status Shelving location Barcode Current Location Full call number
Library Block A2017-11-02សៀវភៅភាសាអង់គ្លេស A076A06228Library Block A382 WOR 2004 A076 Or.
មជ្ឈមណ្ឌលឯការនៃសាកលវិទ្យាល័យភូមិន្ទកសិកម្មចំការដូង

Powered by Koha